Statistics for Daily Country Riddle #38

Click here to take the quiz!

General Stats

  • This quiz has been taken 139 times
  • The average score is 10 of 11

Answer Stats

TypeAnswer% Correct
Found LetterI
99%
Found LetterN
97%
Correctly Placed LetterI
91%
Correctly Placed LetterE
88%
Found LetterE
88%
Correctly Placed LetterG
88%
Found LetterG
88%
Correctly Placed LetterN
88%
Mystery CountryNiger
88%
Found LetterR
88%
Correctly Placed LetterR
87%

Score Distribution

Percentile by Number Answered

Percent of People with Each Score

Your Score History

You have not taken this quiz